| 000 | 00953cab a2200217 4500 | ||
|---|---|---|---|
| 001 | ABS53091 | ||
| 008 | 090401t1995 xxu||||| |||| 00| 0 eng d | ||
| 035 | _a(Sirsi) u1969 | ||
| 041 | _aeng | ||
| 100 | _aEllison, J.M. | ||
| 245 | _aProbable environmental impacts from the cessation of pumping minewater: an overview | ||
| 260 | _c1995 | ||
| 350 | _a0 | ||
| 490 |
_aEnvironmental Policy and Practice _v5(1) May 1995, 29-33(5) |
||
| 520 | _aIt was anticipated that the coalfield closure programme would pose serious threats to the environment and public health through the cessation of minewater pumping operations. Considers the situation in the Tyne and Wear area and the work of the National Rivers Authority. Identifies the means of predicting more accurately the current state of the underground environment. | ||
| 650 | _aMINEWATER POLLUTION | ||
| 650 | _aPOLLUTION | ||
| 690 | _aMINING AND MINERALS | ||
| 942 | _n0 | ||
| 948 | _c04/03/1997 | ||
| 999 |
_c1161 _d1161 |
||